| 000 | 00608nam a2200241 a 4500 | ||
|---|---|---|---|
| 001 | nice12345678 | ||
| 003 | IN_TiNIC | ||
| 005 | 20260116014023.0 | ||
| 008 | 111116s2010 lona grp 000 0 eng | ||
| 020 |
_a9780415474610 _c225 |
||
| 082 | 0 | 0 |
_a190 _bRUS4 |
| 100 | _aRussell, Bertrand | ||
| 245 | _aPhilosophy of Logical Atomism | ||
| 260 |
_aLondon _bRoutledge Chapman Hall _c2010 |
||
| 300 | _a162p | ||
| 500 | _aincludes index and biblioraphy | ||
| 505 | 2 | _aBibliography, Index | |
| 650 | _aPhilosophy | ||
| 700 | 1 | _aRussell, Bertrand | |
| 902 | _bSRS | ||
| 942 | _cBK | ||
| 999 |
_c13536 _d13536 |
||